000
00319nam a2200133Ia 4500
005
20251222155104.0
008
251222s9999||||xx |||||||||||||| ||spa||
082
_a
REL.79.1
100
_a
JUAN PABLO.
245
0
_a
El misterio y el culto de la EucaristÃa
250
_a
1ra. ed.
264
_b
Salesiana
942
_c
LIB
999
_c
37778
_d
37778